| 000 | 00425nam a22001697a 4500 | ||
|---|---|---|---|
| 003 | NUST - PNEC | ||
| 005 | 20170116181119.0 | ||
| 008 | 151004b xxu||||| |||| 00| 0 eng d | ||
| 020 | _a0470208686 | ||
| 040 | _cLIBRARY | ||
| 082 | _a 629.8 GOP | ||
| 100 |
_913426 _aGopal, M. |
||
| 245 |
_aDigital control engineering _cM. Gopal |
||
| 260 | _cc.1988 | ||
| 650 |
_913429 _aDigital control systems _xMIS |
||
| 942 |
_2ddc _cBK |
||
| 999 |
_c69511 _d69511 |
||